Datum a čas kvízu
34
Celkem bodů
Celkový počet nahraných bodů na tomto kvízu bez doplňovacích otázek.
5.
Pořadí na kvízu
Konečné umístění týmu na tomto kvízu.
Zaznamenané odpovědi
| # | Otázka | Odpověď | Body | Výsledky |
|---|---|---|---|---|
| 1. | Naše poslanecká sněmovna minul... | 1 | ||
| 2. | Jak se jmenuje nově zvolená př... | 1 | ||
| 3. | Slavný renesanční malíř zachyt... | 0 | ||
| 4. | Estonská společnost, nabízejíc... | 0 | ||
| 5. | Je pochopitelně pozoruhodné, ž... | 1 | ||
| 6. | Ve kterém severoevropském přís... | 0 | ||
| 7. | Jaltská konference byla jedním... | 1 | ||
| 8. | V severoirském přístavním měst... | 1 | ||
| 9. | Jak se jmenuje černohorské pří... | 0 | ||
| 10. | V přístavním italském městě Sa... | 0 |